Bartolomé de las Casas: defensor de los derechos humanos

Uloženo v:
Podrobná bibliografie
Hlavní autor: Galmés Más, Lorenzo (Autor)
Médium: Kniha
Jazyk:španělština
Vydáno: Madrid Biblioteca de Autores Cristianos 1982
Témata:
Tagy: Přidat tag
Žádné tagy, Buďte první, kdo vytvoří štítek k tomuto záznamu!

MARC

LEADER 00000nam a2200000 a 4500
001 UCL5372
003 CL-VaPUC
008 040312e19820000SP |||||||||||||||||spa|d
020 |a 8422010356 
082 0 4 |a 282.092  |b GAL  |2 21 
100 |a Galmés Más, Lorenzo  |e author  |9 483112 
245 1 0 |a Bartolomé de las Casas: defensor de los derechos humanos 
300 |a 247 p 
942 |c BK 
945 |d 20040312 00:00:00  |a vberengu 
260 |a Madrid  |b Biblioteca de Autores Cristianos  |c 1982 
600 0 7 |a CASAS, BARTOLOME DE LAS  |2 CL-VaPUC  |9 266671 
650 0 |a Biografías  |9 255210 
583 |a last modification  |c 20040312 00:00:00  |k Rodrigo Vera 
999 |c 307981  |d 307979 
952 |0 0  |1 0  |4 0  |6 282_092000000000000_GAL_1982  |7 0  |8 A  |9 374178  |a BIBTEO  |b BIBTEO  |d 2019-11-21  |i 2105268  |o 282.092 GAL 1982  |p 2105268  |r 2024-01-18  |w 2019-11-21  |y BK  |k ICR 
952 |0 0  |1 0  |4 0  |6 282_092000000000000_GAL_1982  |7 0  |8 A  |9 374179  |a BIBTEO  |b BIBTEO  |d 2019-11-21  |i 2105330  |o 282.092 GAL 1982  |p 2105330  |r 2024-01-18  |w 2019-11-21  |y BK  |k ICR